| 000 | 00382nam a2200145Ia 4500 | ||
|---|---|---|---|
| 008 | 210210b1972 xxu||||| |||| 00| 0 eng d | ||
| 082 | _a822.33T5 SHAM | ||
| 100 | _aSHAKESPEARE. | ||
| 245 | _aMacbeth. Ed by Bernard Groom. | ||
| 260 |
_aLondon. _bOxford University Press., _c1972 |
||
| 300 | _a191 | ||
| 650 | _aClarendon Macbeth | ||
| 690 | _aEnglish Drama | ||
| 906 | _aSG01875 | ||
| 999 |
_c113220 _d113220 |
||